Juice wrld songs - Statistics

General Stats
  • This quiz has been taken 824 times
  • The average score is 10 of 13
Answers on the Grid
Answers color-coded by a green-red scale on the quiz's grid according to % correct below.
Maze
empty
10 feet
All guys are the same
titanic
lucid memes
party by toself
armed and scary
black and white
long gone
the bees knees
wishing smell
fort knox
lace it
tell me u luv me
wasted
mandit
lean wit me
water on my jeans
marcus
wandered to PA
Go Hard
Doom
 
Answer Stats
Answer % Correct
lean wit me
82%
empty
81%
black and white
80%
wasted
80%
lace it
74%
Maze
73%
Go Hard
72%
long gone
71%
titanic
71%
tell me u luv me
69%
Doom
68%
10 feet
66%
the bees knees
66%
No matching quizzes found
Score Distribution
Percent of People with Each Score
Percentile by Number Answered
Your Score History
You have not taken this quiz